000 01793am aa2200349a 44500
003 PE-LiUPU
005 20250821145539.0
008 880301s1979 miua b 001 0 eng d
020 _a080282353X
020 _a9780802823531
035 _aPE-LiUPU37792
040 _aPE-LiUPU
_beng
_cPE-LiUPU
_erda
082 0 4 _a222.13
_bW474b
_223
100 _aWenham, Gordon J.,
_eautor.
245 1 4 _aThe book of Leviticus /
_cpor Gordon J. Wenham.
264 1 _aGrand Rapids, Michigan :
_bWilliam B. Eerdmans Publishing Company,
_c1979.
300 _a362 páginas :
_bilustraciones ;
_c24 cm.
336 _atexto
_2rdacontent
337 _aunmediated
_2rdamedia
338 _avolumen
_2rdacarrier
490 1 _aThe New International Commentary on the Old Testament
504 _aIncluye índice y bibliografía selecta (p. 37).
505 0 _aPreface -- Abbreviations -- Title and contents -- The estructure of Leviticus -- The sources of Leviticus -- Authorship and Date -- The Hebrew text of Leviticus -- The Theology of Leviticus -- Leviticus and the Christian -- Select Bibliography -- Laws on sacrifice -- Institution of the Priesthood -- Uncleanness and its treatment -- Prescriptions for practical holiness -- Indexes.
520 _aComentario exegético y teológico sobre el libro bíblico de Levítico, con enfoque académico y pastoral, basado en el texto hebreo.
630 0 _aBiblia.
_pLevítico
_xCrítica, interpretación, etc.
_91751
700 _aHarrison, R. K.,
_eeditor general.
_96624
710 _aWilliam B. Eerdmans Publishing Company,
_eeditor.
_96626
830 0 _aThe New International Commentary on the Old Testament.
942 _2ddc
_cBK
980 _821515
_gROMINA COBOS Adquisiciones
999 _c40739
_d40739